00766nam a2200229Ia 4500003000900000008004100009020001800050040001600068080001600084245010700100260004300207300001500250650002000265650002300285650001900308650002100327650001700348700002900365942000700394999001500401952012000416IN-BaIIA211028s9999 xx 000 0 eng d a0-07-062663-4 cIIA Library a621.89bTRI 0aTribologybfriction, lubrication and wearcedited by A. Z. Szeri  aWashington/New yorkbMcGraw-Hillc1980 axii, 548p. aFriction911817 aLubrication911818 aNASA thesaurus aTribology911819 aWears911820 aSzeri, A. Z., ed.911821 cBK c6895d6895 00104070aBANbBANcGENd1981-10-21g480.00l0o621.89/ TRIp7664r2021-11-05v480.00w1981-10-21yBKGRs. 480.00